Paroles "Partir là-bas (reprise)" - La petite sirène (Disney) - Statistiques

Statistiques générales
  • Ce quiz a été pris 29 fois
  • Le résultat moyen est 33 sur 72
Statistiques - réponses
Chanteur Paroles % Correct
Je
92%
je
92%
je
92%
moi
83%
moi
83%
75%
la
75%
75%
la
75%
La
75%
de
71%
de
71%
de
71%
Ariel Mon
63%
Mon
63%
à
58%
à
58%
Ne
58%
ne
58%
et
54%
et
54%
et
54%
pour
54%
Pour
54%
Pour
54%
me
50%
pas,
46%
pas
46%
pourquoi
46%
suis
46%
toi
46%
toi
46%
toi
46%
chance
42%
Mais
42%
même
42%
Prince
42%
quand
42%
sais
42%
t'aime
42%
Te
42%
vie
42%
commence
38%
les
38%
prête
38%
t'aimer
38%
côtés
33%
est
33%
mer
33%
près
33%
sur
33%
terre,
33%
tes
33%
vivre
33%
Vivre
33%
au
29%
désir,
29%
grand
29%
Loin
29%
rester
29%
seul
29%
seul
29%
bras
25%
espoir,
25%
jour
25%
regarder
25%
sourire,
25%
tendre
25%
toujours
25%
l'amour
21%
m'oublie
17%
rêver
17%
Aucun quiz correspondant
Distribution des résultats
% des personnes avec chaque résultat
Percentile par nombre de réponses
Votre historique - résultats
Vous n’avez pas pris ce quiz